[Event "GER-chT Schools WK II"]
[Site "Verden an der Aller"]
[Date "2011.05.14"]
[Round "2.2"]
[White "Zehic, Emir"]
[Black "Polakowski, Lukas Raphael"]
[Result "1-0"]
[WhiteElo "1747"]
[BlackElo "1587"]
[PlyCount "69"]
[EventDate "2011.05.14"]
[EventType "team-swiss"]
[EventRounds "7"]
[EventCountry "GER"]
[SourceTitle "EXT 2022"]
[Source "ChessBase"]
[SourceDate "2021.10.06"]
[SourceVersion "1"]
[SourceVersionDate "2021.10.06"]
[SourceQuality "1"]
[WhiteTeam "Claudius Gymn U17"]
[BlackTeam "Oranienburg Louise Henriette Gym U17"]
[WhiteTeamCountry "GER"]
[BlackTeamCountry "GER"]

1. e4 e6 2. d4 d5 3. Nd2 Nf6 4. e5 Nfd7 5. Ngf3 c5 6. c3 Nc6 7. Bd3 a6 8. 0-0 b5 9. Kh1 cxd4 10. cxd4 f6 11. Qe2 fxe5 12. dxe5 Be7 13. Nb3 Qc7 14. Re1 Bb4 15. Bd2 Bb7 16. Rac1 Bxd2 17. Qxd2 0-0-0 18. Nbd4 Rde8 19. Qc2 Ndb8 20. a4 bxa4 21. Nxc6 Qxc6 22. Qd2 Kd7 23. Rxc6 Nxc6 24. Qc2 Rc8 25. Qxa4 Ke7 26. Qh4+ Kd7 27. Qg4 g6 28. Ng5 Nd8 29. Qa4+ Rc6 30. Rc1 Ke7 31. Rxc6 Bxc6 32. Qxa6 h6 33. Qa7+ Kf8 34. Qc5+ Ke8 35. Bxg6+ 1-0

[Event "Hamburg-ch U14"]
[Site "Schoenhagen"]
[Date "2009.03.15"]
[Round "2"]
[White "Zehic, Semir"]
[Black "Zehic, Emir"]
[Result "1/2-1/2"]
[WhiteElo "1084"]
[BlackElo "1107"]
[PlyCount "23"]
[EventDate "2009.03.14"]
[EventType "swiss"]
[EventRounds "9"]
[EventCountry "GER"]
[SourceTitle "EXT 2010"]
[Source "ChessBase"]
[SourceDate "2010.11.25"]
[SourceVersion "1"]
[SourceVersionDate "2010.11.25"]
[SourceQuality "1"]

1. e4 e6 2. d4 d5 3. exd5 exd5 4. Bd3 Bd6 5. Nf3 Nf6 6. Bg5 Be6 7. Nc3 Nbd7 8. 0-0 0-0 9. Qd2 c6 10. Rfe1 Qc7 11. Re2 Rfe8 12. Rae1 1/2-1/2